[Event "DVM U14 2010"]
[Site "Magdeburg GER"]
[Date "2010.12.29"]
[Round "5"]
[White "Thamm, Merlin Jannes"]
[Black "Yarsev, Alexander"]
[Result "1/2-1/2"]
[Termination "normal"]
[Board "3.3"]
[WhiteElo "1735"]
[BlackElo "1648"]
[WhiteTeam "USV TU Dresden"]
[BlackTeam "Noris-Tarrasch Nürnberg"]
[PlyCount "85"]
[WhiteFideId "24695564"]
[BlackFideId "24690252"]
[EventCountry "GER"]
[EventRounds "7"]
[EventType "team-swiss"]
[EventDate "2010.12.26"]

1. e4 c5 2. Nf3 Nc6 3. Bb5 a6 4. Be2 Nf6 5. d3 d5 6. Nbd2 e6 7. O-O Be7 8. Re1
dxe4 9. dxe4 O-O 10. e5 Nd7 11. Bf1 Qc7 12. Qe2 b5 13. g3 Bb7 14. h4 Nd4 15.
Nxd4 cxd4 16. Bg2 Bxg2 17. Kxg2 Qxc2 18. h5 h6 19. Qg4 Kh8 20. Qxd4 Rad8 21.
Qg4 Bc5 22. Qe2 f6 23. exf6 Rxf6 24. Ne4 Qxe2 25. Rxe2 Rf5 26. Nxc5 Nxc5 27. g4
Rfd5 28. Be3 Nd3 29. b3 Kg8 30. Kg3 Kf7 31. a4 Nc5 32. Bxc5 Rxc5 33. axb5 axb5
34. Re3 Rdc8 35. Rae1 Rc3 36. Kf4 Rxe3 37. Rxe3 Rc2 38. f3 Rb2 39. Ke5 Rd2 40.
Rc3 Rd5+ 41. Ke4 Kf6 42. f4 Rd1 43. Rg3 1/2-1/2

[Event "DVM U14 2010"]
[Site "Magdeburg GER"]
[Date "2010.12.29"]
[Round "5"]
[White "Chen, Yilun"]
[Black "Schulte, Heiko"]
[Result "1-0"]
[Termination "normal"]
[Board "3.4"]
[WhiteElo "1420"]
[BlackElo "1387"]
[WhiteTeam "Noris-Tarrasch Nürnberg"]
[BlackTeam "USV TU Dresden"]
[PlyCount "107"]
[WhiteFideId "12913219"]
[EventCountry "GER"]
[EventRounds "7"]
[EventType "team-swiss"]
[EventDate "2010.12.26"]

1. e4 e5 2. Bc4 Nf6 3. Nc3 Nxe4 4. Bxf7+ Kxf7 5. Nxe4 d5 6. Ng3 Qf6 7. d3 Be7
8. Nh5 Qe6 9. Qf3+ Kg8 10. Ne2 c6 11. O-O Qg6 12. Nhg3 Be6 13. Qe3 Nd7 14. Kh1
Nf6 15. Qxe5 Ng4 16. Qc7 Bc5 17. Qxb7 Rc8 18. d4 Bb6 19. c3 Rc7 20. Qa6 Bc8 21.
Qa4 Rf7 22. f3 Nh6 23. Nf4 Qf6 24. Qc2 Nf5 25. Qf2 Nd6 26. Re1 h6 27. Nd3 Kh7
28. Ne5 Re7 29. Qc2+ Kg8 30. Bd2 Nf7 31. Nxf7 Kxf7 32. Rxe7+ Kxe7 33. Re1+ Kf7
34. Qd3 Be6 35. Ne2 g5 36. f4 Bf5 37. fxg5 hxg5 38. Qg3 Bd8 39. Ng1 Be4 40. Re2
Kg6 41. Rf2 Qe7 42. Nh3 Kh5 43. Bxg5 Qc7 44. Nf4+ Qxf4 45. Bxf4 Bh4 46. Qh3 Rg8
47. Re2 Rg4 48. Bg3 Kg5 49. Bxh4+ Rxh4 50. Qg3+ Rg4 51. Qe5+ Kh6 52. Rf2 Rg5
53. Qh8+ Kg6 54. Rf6# 1-0

[Event "DVM U14 2010"]
[Site "Magdeburg GER"]
[Date "2010.12.29"]
[Round "5"]
[White "Noe, Christopher"]
[Black "Hoffmann, Dustin"]
[Result "1-0"]
[Termination "normal"]
[Board "4.1"]
[WhiteElo "1859"]
[BlackElo "1751"]
[WhiteTeam "SC Eppingen"]
[BlackTeam "SV Merseburg"]
[PlyCount "99"]
[WhiteFideId "24692018"]
[BlackFideId "1270566"]
[EventCountry "GER"]
[EventRounds "7"]
[EventType "team-swiss"]
[EventDate "2010.12.26"]

1. c4 c5 2. Nc3 Nc6 3. g3 g6 4. Bg2 Bg7 5. e3 e6 6. Nge2 Nge7 7. d4 cxd4 8.
Nxd4 O-O 9. O-O a6 10. Nde2 Qc7 11. b3 b5 12. cxb5 axb5 13. Nxb5 Qb6 14. Nbc3
Bb7 15. Bb2 Ne5 16. Nd4 Bxg2 17. Kxg2 Nc4 18. Bc1 Qb4 19. Nce2 Na5 20. Bd2 Qb7+
21. Kg1 Nac6 22. Nxc6 Nxc6 23. Bc3 Bxc3 24. Nxc3 d5 25. Ne2 Rfd8 26. Nd4 e5 27.
Nxc6 Qxc6 28. Qd2 d4 29. exd4 Rxd4 30. Qe2 Qd6 31. a4 Rd2 32. Qe4 Rb8 33. a5
Rd4 34. Qc2 Qa6 35. Rfe1 Rd5 36. Qc3 Rd3 37. Qxe5 Rdxb3 38. Qd4 R3b4 39. Re8+
Rxe8 40. Qxb4 Rc8 41. Qd4 Rc4 42. Qe5 Rc6 43. Rb1 Rc8 44. Rb8 Rxb8 45. Qxb8+
Kg7 46. Qe5+ Kg8 47. h4 Qb7 48. Qf6 Qb1+ 49. Kh2 Qb7 50. Qb6 1-0

[Event "DVM U14 2010"]
[Site "Magdeburg GER"]
[Date "2010.12.29"]
[Round "5"]
[White "Feuerherdt, Martin"]
[Black "Hahn, Cedric"]
[Result "1-0"]
[Termination "normal"]
[Board "4.2"]
[WhiteElo "1471"]
[BlackElo "1579"]
[WhiteTeam "SV Merseburg"]
[BlackTeam "SC Eppingen"]
[PlyCount "156"]
[WhiteFideId "12910341"]
[BlackFideId "12910538"]
[EventCountry "GER"]
[EventRounds "7"]
[EventType "team-swiss"]
[EventDate "2010.12.26"]

1. e4 e6 2. d4 d5 3. Nc3 Nf6 4. exd5 exd5 5. Bd3 Bd6 6. Nge2 O-O 7. Bg5 c6 8.
Qd2 Bg4 9. f3 Bh5 10. O-O-O Nbd7 11. Rde1 Bg6 12. Ng3 Bb4 13. a3 Ba5 14. Nf5
Re8 15. Rxe8+ Qxe8 16. Re1 Qf8 17. Ne7+ Kh8 18. Bf5 Bd8 19. Qe3 Bxe7 20. Bxd7
Nxd7 21. Qxe7 Qxe7 22. Rxe7 Rd8 23. Rxf7 Bxf7 24. Bxd8 Kg8 25. Ne2 Kf8 26. g4
Ke8 27. Bc7 Ke7 28. Be5 Nxe5 29. dxe5 h5 30. g5 Ke6 31. f4 c5 32. Kd2 Kf5 33.
Ke3 b5 34. c3 Kg4 35. b4 c4 36. Nd4 g6 37. Nxb5 a6 38. Nc7 Kh3 39. e6 Bg8 40.
e7 Bf7 41. e8=Q Bxe8 42. Nxe8 Kxh2 43. Kf2 d4 44. cxd4 c3 45. Ke2 c2 46. Kd2
Kg3 47. f5 h4 48. Kxc2 h3 49. f6 h2 50. f7 h1=Q 51. f8=Q Qc6+ 52. Kd2 Qe4 53.
Qd6+ Kh3 54. Qe5 Qg2+ 55. Qe2 Qd5 56. Qe3+ Kg2 57. Qe2+ Kh3 58. Qd3+ Kh4 59.
Nf6 Qxg5+ 60. Ke2 Qxf6 61. Qe4+ Kg5 62. Qe3+ Kg4 63. Qe4+ Kg5 64. Ke3 Qf1 65.
Qe5+ Kg4 66. Qe6+ Kh5 67. Ke4 g5 68. d5 g4 69. Qe5+ Kh4 70. d6 Qf3+ 71. Kd4 g3
72. Qe4+ Qxe4+ 73. Kxe4 g2 74. d7 g1=Q 75. d8=Q+ Kh3 76. Qh8+ Kg3 77. Qg8+ Kf2
78. Qxg1+ Kxg1 1-0

[Event "DVM U14 2010"]
[Site "Magdeburg GER"]
[Date "2010.12.29"]
[Round "5"]
[White "Schückler, Jan"]
[Black "Jacob, Hannes"]
[Result "1/2-1/2"]
[Termination "normal"]
[Board "4.3"]
[WhiteElo "1217"]
[BlackElo "1532"]
[WhiteTeam "SC Eppingen"]
[BlackTeam "SV Merseburg"]
[PlyCount "71"]
[WhiteFideId "12910554"]
[BlackFideId "12910350"]
[EventCountry "GER"]
[EventRounds "7"]
[EventType "team-swiss"]
[EventDate "2010.12.26"]

1. e4 e5 2. Nf3 Nc6 3. Bc4 Bc5 4. Nc3 Nf6 5. d3 h6 6. O-O d6 7. h3 Be6 8. Bb3
O-O 9. Qe2 Ne7 10. Be3 Bxe3 11. Qxe3 Ng6 12. d4 Bxb3 13. axb3 a6 14. Rfd1 Qe7
15. dxe5 dxe5 16. Ra5 b6 17. Nd5 Nxd5 18. Raxd5 Rad8 19. Rxd8 Rxd8 20. Rxd8+
Qxd8 21. Kh2 a5 22. g3 f6 23. Kg2 Ne7 24. b4 Nc6 25. bxa5 Nxa5 26. b3 Qd6 27.
Qc3 c5 28. Nd2 Kf8 29. Nc4 Nxc4 30. Qxc4 Qc6 31. Qd5 Qc7 32. g4 Qa7 33. Qd6+
Kg8 34. Qe6+ Kh8 35. Qc8+ Kh7 36. Qf5+ 1/2-1/2

[Event "DVM U14 2010"]
[Site "Magdeburg GER"]
[Date "2010.12.29"]
[Round "5"]
[White "Le Hong, Quang Anh"]
[Black "Bay, Nicolai"]
[Result "1-0"]
[Termination "normal"]
[Board "4.4"]
[WhiteElo "1492"]
[BlackElo "1024"]
[WhiteTeam "SV Merseburg"]
[BlackTeam "SC Eppingen"]
[PlyCount "125"]
[WhiteFideId "12927589"]
[BlackFideId "12927619"]
[EventCountry "GER"]
[EventRounds "7"]
[EventType "team-swiss"]
[EventDate "2010.12.26"]

1. Nf3 b6 2. g3 Bb7 3. Bg2 e6 4. O-O Nf6 5. d3 Be7 6. c3 d6 7. b4 Nbd7 8. Bb2
O-O 9. Nbd2 c5 10. a3 Qc7 11. Rc1 Qc6 12. Nb3 Ne5 13. c4 Nfd7 14. bxc5 dxc5 15.
Qc2 Bf6 16. Ne1 Qc7 17. Bxb7 Qxb7 18. Ng2 Rfd8 19. Rb1 Rac8 20. Bc3 Qc7 21. a4
a5 22. Qd2 Nf8 23. Qb2 Nfg6 24. Nd2 Rb8 25. Ne4 Be7 26. f4 Nc6 27. Bxg7 f5 28.
Nf6+ Bxf6 29. Bxf6 Rf8 30. e4 Nb4 31. Rfd1 Rf7 32. exf5 exf5 33. Rd2 Qc6 34.
Bc3 Qxa4 35. d4 Qc6 36. dxc5 Qxc5+ 37. Kh1 Qxc4 38. Rd4 Qc5 39. Bxb4 axb4 40.
Qxb4 Qxb4 41. Rdxb4 Rf6 42. Ne3 Ne7 43. Rb5 Kf7 44. Kg2 h5 45. Rd1 Ke6 46. Re5+
Kf7 47. Rd7 Re8 48. Nxf5 Rxf5 49. Rxf5+ Ke6 50. Rxe7+ Kxe7 51. Rxh5 Kf7 52. Rb5
Rb8 53. h4 Kf6 54. g4 Kg6 55. g5 Kh7 56. Kg3 Kg6 57. Kg4 Kg7 58. h5 Kh7 59. f5
Kg7 60. h6+ Kf7 61. g6+ Kf6 62. h7 Kg7 63. Kg5 1-0

[Event "DVM U14 2010"]
[Site "Magdeburg GER"]
[Date "2010.12.29"]
[Round "5"]
[White "Simanowski, Mio"]
[Black "Viereck, Marten"]
[Result "0-1"]
[Termination "normal"]
[Board "5.1"]
[WhiteElo "1859"]
[BlackElo "1915"]
[WhiteTeam "SV Mülheim Nord"]
[BlackTeam "SV Dresden-Striessen 1990"]
[PlyCount "118"]
[WhiteFideId "24687154"]
[BlackFideId "24692190"]
[EventCountry "GER"]
[EventRounds "7"]
[EventType "team-swiss"]
[EventDate "2010.12.26"]

1. e4 c5 2. Nf3 Nc6 3. d4 cxd4 4. Nxd4 d6 5. Nc3 g6 6. Nxc6 bxc6 7. Be2 Bg7 8.
Qd3 Nf6 9. Bg5 O-O 10. h4 Qa5 11. f3 Rb8 12. Bc1 Nd7 13. Qd2 Nc5 14. Nd1 Qb6
15. c3 Ba6 16. h5 Be5 17. Bxa6 Bg3+ 18. Nf2 Qxa6 19. Kd1 Bxf2 20. Qxf2 Qd3+ 21.
Qd2 a5 22. b3 Rb5 23. Bb2 Na4 24. Qxd3 Nxb2+ 25. Kc2 Nxd3 26. Kxd3 gxh5 27. Rh3
f5 28. Re1 fxe4+ 29. Rxe4 Rf7 30. Rc4 Rd5+ 31. Ke3 Rff5 32. f4 Rf6 33. a4 c5
34. Re4 Kf7 35. g4 h6 36. gxh5 Rff5 37. c4 Rxh5 38. Rg3 Rd1 39. Ke2 Rb1 40. Kd2
Rh2+ 41. Kc3 Rhb2 42. Rg4 Rxb3+ 43. Kc2 R1b2+ 44. Kc1 Rh2 45. Rg1 Ra3 46. Kb1
Rxa4 47. Rge1 Rb4+ 48. Ka1 Rb7 49. R4e3 Rf2 50. Re4 a4 51. R1e3 Rfb2 52. Rh3
Rb1+ 53. Ka2 R7b2+ 54. Ka3 Rb3+ 55. Rxb3 Rxb3+ 56. Kxa4 Rb4+ 57. Ka3 Kf6 58.
Ka2 e6 59. Ka3 d5 0-1

[Event "DVM U14 2010"]
[Site "Magdeburg GER"]
[Date "2010.12.29"]
[Round "5"]
[White "Walczak, Charley"]
[Black "Vavro, Maximilian"]
[Result "1-0"]
[Termination "normal"]
[Board "5.4"]
[WhiteElo "1131"]
[BlackElo "1539"]
[WhiteTeam "SV Dresden-Striessen 1990"]
[BlackTeam "SV Mülheim Nord"]
[PlyCount "73"]
[WhiteFideId "12927686"]
[BlackFideId "12918954"]
[EventCountry "GER"]
[EventRounds "7"]
[EventType "team-swiss"]
[EventDate "2010.12.26"]

1. Nf3 c5 2. c4 g6 3. g3 Bg7 4. Bg2 e6 5. Nc3 Ne7 6. d4 cxd4 7. Nxd4 Nbc6 8.
Ndb5 O-O 9. O-O a6 10. Nd6 Bxc3 11. bxc3 Rb8 12. c5 Qc7 13. Bh6 Rd8 14. Qd4 Ne5
15. Qf4 Nf5 16. Bg5 Nc6 17. g4 Nxd6 18. cxd6 Qa5 19. Bxc6 bxc6 20. Qf6 Qxg5 21.
Qxg5 Rf8 22. Rab1 f6 23. Qh6 Rb5 24. Rxb5 cxb5 25. Qe3 f5 26. g5 Bb7 27. Qa7
Bc6 28. Rb1 f4 29. f3 Rf5 30. h4 Re5 31. Kf2 Rd5 32. Ke1 Kf7 33. Rd1 Re5 34.
Qd4 Re3 35. Rd3 Bxf3 36. Rxe3 fxe3 37. Qf6+ 1-0

[Event "DVM U14 2010"]
[Site "Magdeburg GER"]
[Date "2010.12.29"]
[Round "5"]
[White "Mittelstädt, Joel"]
[Black "Kieslich, Aaron"]
[Result "1-0"]
[Termination "normal"]
[Board "6.1"]
[WhiteElo "1643"]
[BlackElo "1831"]
[WhiteTeam "SC GW Baumschulenweg"]
[BlackTeam "TuS Coswig 1920"]
[PlyCount "61"]
[WhiteFideId "12910368"]
[BlackFideId "1270391"]
[EventCountry "GER"]
[EventRounds "7"]
[EventType "team-swiss"]
[EventDate "2010.12.26"]

1. b4 e5 2. Bb2 Bxb4 3. Bxe5 Nf6 4. Nc3 Nc6 5. Bxf6 Qxf6 6. Nd5 Qe5 7. Nxb4
Nxb4 8. Rb1 Nc6 9. c3 O-O 10. e3 b6 11. Nf3 Qf6 12. Qc2 Bb7 13. d4 d6 14. h4 g6
15. Be2 Ne7 16. c4 c5 17. d5 Nf5 18. g4 Ng7 19. h5 Bc8 20. Nd2 Qe5 21. Nf3 Qf6
22. Nh4 Bd7 23. Kd2 Rab8 24. f4 a6 25. Bd3 Ne8 26. hxg6 fxg6 27. Bxg6 hxg6 28.
Nxg6 b5 29. Rh8+ Kg7 30. Rxf8 Qxg6 31. Rg8+ 1-0

[Event "DVM U14 2010"]
[Site "Magdeburg GER"]
[Date "2010.12.29"]
[Round "5"]
[White "Linnemann, Niklas"]
[Black "Teschke, Max"]
[Result "1-0"]
[Termination "normal"]
[Board "6.2"]
[WhiteElo "1861"]
[BlackElo "1635"]
[WhiteTeam "TuS Coswig 1920"]
[BlackTeam "SC GW Baumschulenweg"]
[PlyCount "63"]
[WhiteFideId "24695645"]
[BlackFideId "12910376"]
[EventCountry "GER"]
[EventRounds "7"]
[EventType "team-swiss"]
[EventDate "2010.12.26"]

1. e4 c5 2. Nf3 d6 3. d4 cxd4 4. Nxd4 Nf6 5. Nc3 g6 6. Be3 Bg7 7. f3 O-O 8. Qd2
Bd7 9. O-O-O Nc6 10. Bc4 Rc8 11. Bb3 Ne5 12. g4 Nc4 13. Bxc4 Rxc4 14. Kb1 Qa5
15. Nb3 Qc7 16. Bh6 Rc8 17. Bxg7 Kxg7 18. h4 h5 19. e5 Nxg4 20. exd6 exd6 21.
fxg4 Bxg4 22. Rdf1 Bf5 23. Rhg1 Bh3 24. Rf4 Qb6 25. Rd1 Bg4 26. Rdf1 Rxf4 27.
Qxf4 f5 28. Nd5 Qc6 29. Qd4+ Kh7 30. Nf6+ Kh6 31. Qe3+ g5 32. Nxg4+ 1-0

[Event "DVM U14 2010"]
[Site "Magdeburg GER"]
[Date "2010.12.29"]
[Round "5"]
[White "Spilke, Paul"]
[Black "Pührer, Anne"]
[Result "1-0"]
[Termination "normal"]
[Board "6.3"]
[WhiteElo "1628"]
[BlackElo "1714"]
[WhiteTeam "SC GW Baumschulenweg"]
[BlackTeam "TuS Coswig 1920"]
[PlyCount "143"]
[BlackFideId "24692247"]
[EventCountry "GER"]
[EventRounds "7"]
[EventType "team-swiss"]
[EventDate "2010.12.26"]

1. d4 Nf6 2. Nf3 d5 3. e3 e6 4. Bd3 c5 5. c3 Nc6 6. Nbd2 Bd6 7. O-O O-O 8. dxc5
Bxc5 9. e4 b6 10. Qc2 h6 11. exd5 Nxd5 12. a3 Bb7 13. b4 Be7 14. Rd1 Nf4 15.
Bf1 Qc7 16. Bb2 Rac8 17. c4 Ng6 18. Rac1 Nce5 19. Nxe5 Nxe5 20. h3 Rfd8 21. Nb3
Bg5 22. Rxd8+ Rxd8 23. Re1 Bf6 24. Nd2 Nd7 25. Ne4 Bxb2 26. Qxb2 Ne5 27. Qc3
Ng6 28. Ng3 Bd5 29. Rc1 Rc8 30. c5 Nf8 31. Ne2 bxc5 32. bxc5 Nd7 33. c6 Qxc6
34. Qd4 Qa8 35. Rxc8+ Qxc8 36. Qxa7 Ne5 37. Kh2 Bc4 38. Ng3 Bd5 39. a4 Nc6 40.
Qb6 Qa8 41. Qb5 Nd4 42. Qb4 Nc2 43. Qg4 Bc6 44. Nh5 g6 45. Bb5 Bxg2 46. Nf6+
Kg7 47. Ne8+ Kf8 48. Qxg2 Qxg2+ 49. Kxg2 Nd4 50. Nd6 Ke7 51. Nc4 Kd8 52. Kg3 f6
53. Ne3 e5 54. Ng4 f5 55. Nxh6 Ke7 56. Ng8+ Kf7 57. Bc4+ Kg7 58. a5 Nc6 59. a6
Kf8 60. Nf6 Ke7 61. Nd5+ Kd6 62. Nf6 Kc5 63. Bd3 Kb6 64. Nd7+ Ka7 65. Nf8 Ne7
66. h4 Ka8 67. Bc4 Ka7 68. Bf7 Kxa6 69. Nxg6 Nc8 70. Nxe5 Nd6 71. Kf4 Kb7 72.
h5 1-0

[Event "DVM U14 2010"]
[Site "Magdeburg GER"]
[Date "2010.12.29"]
[Round "5"]
[White "Linnemann, Julius"]
[Black "Colakovic, Dani"]
[Result "1-0"]
[Termination "normal"]
[Board "6.4"]
[WhiteElo "1395"]
[BlackElo "1195"]
[WhiteTeam "TuS Coswig 1920"]
[BlackTeam "SC GW Baumschulenweg"]
[PlyCount "53"]
[WhiteFideId "24695696"]
[EventCountry "GER"]
[EventRounds "7"]
[EventType "team-swiss"]
[EventDate "2010.12.26"]

1. e4 e5 2. Nf3 Nc6 3. d4 exd4 4. Nxd4 Nge7 5. Nc3 Nxd4 6. Qxd4 Nc6 7. Qd1 d6
8. Bb5 Bd7 9. Bf4 g6 10. O-O Bg7 11. Qd2 O-O 12. Rad1 Re8 13. Rfe1 Bg4 14. f3
Bd7 15. Bg3 Bd4+ 16. Kh1 Bf6 17. Bc4 Be6 18. Bxe6 Rxe6 19. Na4 b6 20. a3 a5 21.
Qd5 Qd7 22. e5 Bxe5 23. Bxe5 Rxe5 24. Rxe5 Nxe5 25. Qxa8+ Kg7 26. Qe4 f5 27.
Qxe5+ 1-0

[Event "DVM U14 2010"]
[Site "Magdeburg GER"]
[Date "2010.12.29"]
[Round "5"]
[White "Jansen, Lauritz"]
[Black "Grigorian, Spartak"]
[Result "1-0"]
[Termination "normal"]
[Board "7.1"]
[WhiteElo "1790"]
[BlackElo "1869"]
[WhiteTeam "SG KK Hohentübingen"]
[BlackTeam "SK Wildeshausen"]
[PlyCount "43"]
[WhiteFideId "4641418"]
[BlackFideId "24661490"]
[EventCountry "GER"]
[EventRounds "7"]
[EventType "team-swiss"]
[EventDate "2010.12.26"]

1. d4 Nf6 2. c4 e6 3. Nc3 Bb4 4. e3 c5 5. a3 Bxc3+ 6. bxc3 d6 7. Bd3 Nc6 8. Ne2
e5 9. Qc2 h6 10. O-O O-O 11. f4 Ne8 12. f5 Nf6 13. d5 Na5 14. Ng3 b5 15. cxb5
Nxd5 16. Be4 Bb7 17. Bxd5 Bxd5 18. f6 g6 19. Nf5 gxf5 20. Qxf5 Be6 21. Qh5 Kh7
22. e4 1-0

[Event "DVM U14 2010"]
[Site "Magdeburg GER"]
[Date "2010.12.29"]
[Round "5"]
[White "Finke, Maurice"]
[Black "Müller, Nils Samuel"]
[Result "0-1"]
[Termination "normal"]
[Board "7.2"]
[WhiteElo "1738"]
[BlackElo "1665"]
[WhiteTeam "SK Wildeshausen"]
[BlackTeam "SG KK Hohentübingen"]
[PlyCount "82"]
[WhiteFideId "12909580"]
[BlackFideId "24654361"]
[EventCountry "GER"]
[EventRounds "7"]
[EventType "team-swiss"]
[EventDate "2010.12.26"]

1. d4 Nf6 2. c4 g6 3. Nc3 Bg7 4. Nf3 d6 5. g3 O-O 6. Bg2 c6 7. O-O Nbd7 8. b3
c5 9. Bb2 Rb8 10. e4 cxd4 11. Nxd4 Ne5 12. Re1 Nfd7 13. f4 Nc6 14. Nxc6 bxc6
15. Rb1 Qb6+ 16. Kh1 Nc5 17. Ne2 Bxb2 18. Rxb2 Bg4 19. h3 Bxe2 20. Rexe2 Rfd8
21. Rbd2 Ne6 22. e5 dxe5 23. Rxe5 Rxd2 24. Qxd2 Rd8 25. Qe2 Nd4 26. Qe1 e6 27.
Qc3 c5 28. Kh2 f6 29. Re1 Kf7 30. Qd3 Qa5 31. Qb1 Qd2 32. Rf1 Nc2 33. Rg1 Rd3
34. Qc1 Nd4 35. Qxd2 Rxd2 36. Kh1 Rxa2 37. Rb1 a5 38. Kg1 Ne2+ 39. Kh2 Nd4 40.
Kg1 Ke7 41. Bf1 Nf3+ 0-1

[Event "DVM U14 2010"]
[Site "Magdeburg GER"]
[Date "2010.12.29"]
[Round "5"]
[White "Reimer, Benedict"]
[Black "Duchow, Julien"]
[Result "0-1"]
[Termination "normal"]
[Board "7.3"]
[WhiteElo "1440"]
[BlackElo "1568"]
[WhiteTeam "SG KK Hohentübingen"]
[BlackTeam "SK Wildeshausen"]
[PlyCount "78"]
[WhiteFideId "24662364"]
[EventCountry "GER"]
[EventRounds "7"]
[EventType "team-swiss"]
[EventDate "2010.12.26"]

1. e4 e5 2. Nf3 Nc6 3. Bb5 a6 4. Ba4 d6 5. h3 Nf6 6. d3 b5 7. Bb3 Be7 8. O-O
Na5 9. Re1 Nxb3 10. axb3 O-O 11. Nc3 Bb7 12. Ne2 Nh5 13. Nh2 Nf6 14. Ng3 Bc8
15. Qf3 Re8 16. Nf5 Bxf5 17. Qxf5 g6 18. Qf3 Nh5 19. g4 Ng7 20. Rf1 Bg5 21. Qg3
Bxc1 22. Raxc1 Ne6 23. Rfe1 Nf4 24. Nf1 Qg5 25. Ne3 c6 26. Ng2 Ne2+ 27. Rxe2
Qxc1+ 28. Kh2 Qxb2 29. Ne3 Rad8 30. Qf3 Re6 31. g5 Qc1 32. c3 Qxc3 33. Ng4 Rf8
34. Nf6+ Kg7 35. h4 Qxb3 36. h5 Rh8 37. Ng4 gxh5 38. Nh6 Rg6 39. Qxf7+ Qxf7 0-1

[Event "DVM U14 2010"]
[Site "Magdeburg GER"]
[Date "2010.12.29"]
[Round "5"]
[White "Stukenborg, Rudi"]
[Black "Maurer, Noah"]
[Result "1-0"]
[Termination "normal"]
[Board "7.4"]
[WhiteElo "1405"]
[BlackElo "1377"]
[WhiteTeam "SK Wildeshausen"]
[BlackTeam "SG KK Hohentübingen"]
[PlyCount "83"]
[WhiteFideId "1270497"]
[BlackFideId "12920673"]
[EventCountry "GER"]
[EventRounds "7"]
[EventType "team-swiss"]
[EventDate "2010.12.26"]

1. e4 e6 2. d4 d5 3. Nc3 Bb4 4. e5 c5 5. a3 Bxc3+ 6. bxc3 Ne7 7. Qg4 Qc7 8. Bd3
cxd4 9. Ne2 dxc3 10. Qxg7 Rg8 11. Qf6 Ng6 12. f4 h6 13. Bxg6 Rxg6 14. Qh4 Qc4
15. Qh3 d4 16. Rg1 Bd7 17. Qd3 Qxd3 18. cxd3 Nc6 19. Kf2 Rd8 20. Rb1 b6 21. g4
Bc8 22. h3 Ba6 23. Rg3 Na5 24. Rb4 Nc6 25. Rb1 Rd5 26. Rf3 Rg8 27. Ng3 Rf8 28.
Ne4 Ke7 29. a4 Ra5 30. Ba3+ Ke8 31. Nf6+ Kd8 32. Bxf8 Rxa4 33. Ne4 c2 34. Rc1
Ra2 35. Nd2 Ke8 36. Bd6 Rb2 37. Ke2 Bb7 38. Rff1 b5 39. h4 a5 40. h5 b4 41. g5
Ne7 42. gxh6 1-0

[Event "DVM U14 2010"]
[Site "Magdeburg GER"]
[Date "2010.12.29"]
[Round "5"]
[White "Baiter, Christoph"]
[Black "Deutsch, Julius"]
[Result "0-1"]
[Termination "normal"]
[Board "8.2"]
[WhiteElo "1487"]
[BlackElo "1293"]
[WhiteTeam "SK Kriegshaber"]
[BlackTeam "SC Weiße Dame Ulm"]
[PlyCount "104"]
[EventCountry "GER"]
[EventRounds "7"]
[EventType "team-swiss"]
[EventDate "2010.12.26"]

1. d4 Nf6 2. Nf3 g6 3. Bf4 Bg7 4. e3 d5 5. Nbd2 O-O 6. Be2 e6 7. O-O Nbd7 8.
Rb1 c5 9. c3 a6 10. Ne5 Nxe5 11. Bxe5 b6 12. Bf3 Bb7 13. Re1 Rc8 14. dxc5 bxc5
15. c4 Bc6 16. Be2 dxc4 17. Nxc4 Qxd1 18. Rexd1 Bb5 19. b3 Ne4 20. Bxg7 Kxg7
21. Rbc1 Rfd8 22. Rxd8 Rxd8 23. h3 h5 24. a4 Bc6 25. f3 Ng3 26. Bd1 Nf5 27. e4
Ne7 28. Be2 Rc8 29. Ne5 Bb7 30. Nd7 Nc6 31. Rxc5 Nd4 32. Bc4 Rxc5 33. Nxc5 Bc8
34. Kf2 Kf6 35. Ke3 Nc2+ 36. Kd2 Nd4 37. Kd3 Ke5 38. f4+ Kxf4 39. Kxd4 Kg3 40.
Bxa6 Bxa6 41. Nxa6 Kxg2 42. b4 Kxh3 43. b5 g5 44. b6 g4 45. b7 g3 46. b8=Q g2
47. Qb3+ Kh2 48. Qc2 Kh1 49. Qd1+ g1=Q+ 50. Qxg1+ Kxg1 51. Ke3 h4 52. Kf3 h3
0-1

[Event "DVM U14 2010"]
[Site "Magdeburg GER"]
[Date "2010.12.29"]
[Round "5"]
[White "Kelemen, Alexander"]
[Black "Lavrinenkov, Vadim"]
[Result "1-0"]
[Termination "normal"]
[Board "8.3"]
[WhiteElo "1384"]
[BlackElo "1000"]
[WhiteTeam "SC Weiße Dame Ulm"]
[BlackTeam "SK Kriegshaber"]
[PlyCount "75"]
[BlackFideId "12908452"]
[EventCountry "GER"]
[EventRounds "7"]
[EventType "team-swiss"]
[EventDate "2010.12.26"]

1. d4 d5 2. c4 c6 3. Nf3 e6 4. Nc3 Nf6 5. Bg5 Nbd7 6. e3 Be7 7. Bd3 dxc4 8.
Bxc4 O-O 9. O-O h6 10. Bh4 Qc7 11. Qc2 Re8 12. Rac1 e5 13. Qb3 Rf8 14. Bg3 Bd6
15. d5 Nc5 16. Qc2 Bd7 17. b4 Na6 18. a3 Nb8 19. Qb3 b5 20. Be2 a6 21. Rfd1 Re8
22. Nd2 Qb7 23. Nce4 Nxe4 24. Nxe4 Bc7 25. Nc5 Qa7 26. Nxd7 Nxd7 27. dxc6 Nb8
28. Bg4 Qb6 29. Bd7 Nxd7 30. Rxd7 Rf8 31. Qc3 Rad8 32. Rcd1 f6 33. Rxd8 Bxd8
34. Rd7 Rf7 35. Qb3 Be7 36. Rxe7 Qxc6 37. Qxf7+ Kh8 38. Qxg7# 1-0

[Event "DVM U14 2010"]
[Site "Magdeburg GER"]
[Date "2010.12.29"]
[Round "5"]
[White "Buchberger, Tamara"]
[Black "Boeck, Anton"]
[Result "0-1"]
[Termination "normal"]
[Board "8.4"]
[WhiteElo "1236"]
[BlackElo "1202"]
[WhiteTeam "SK Kriegshaber"]
[BlackTeam "SC Weiße Dame Ulm"]
[PlyCount "102"]
[EventCountry "GER"]
[EventRounds "7"]
[EventType "team-swiss"]
[EventDate "2010.12.26"]

1. e4 e5 2. Nf3 Nc6 3. Bc4 Bc5 4. c3 Nf6 5. d4 exd4 6. cxd4 Bb4+ 7. Nc3 Nxe4 8.
O-O Bxc3 9. bxc3 O-O 10. Qc2 d5 11. Bd3 f5 12. Re1 Bd7 13. Nd2 Qf6 14. Nb3 b6
15. f3 Nd6 16. Bf4 Rae8 17. Bxd6 cxd6 18. Kf1 g6 19. a4 a5 20. Rab1 Na7 21. Nc1
Rxe1+ 22. Kxe1 Re8+ 23. Kf1 Qd8 24. Ne2 Bc6 25. Nf4 Rf8 26. Ne6 Qd7 27. Nxf8
Kxf8 28. Rxb6 Bxa4 29. Qb2 Bc6 30. Rb8+ Kg7 31. c4 a4 32. cxd5 Bxd5 33. Bb5
Nxb5 34. Rxb5 Bc4+ 35. Ke1 Qxb5 36. Qa3 Qa5+ 37. Kd1 Bb3+ 38. Ke2 Qd5 39. Qb4
Qc4+ 40. Qxc4 Bxc4+ 41. Kd2 Kf6 42. Kc3 d5 43. f4 Ke6 44. Kb4 Bb3 45. g3 Kd6
46. h3 Kc6 47. g4 fxg4 48. hxg4 Bd1 49. f5 Bxg4 50. f6 Be6 51. Kxa4 h5 0-1

[Event "DVM U14 2010"]
[Site "Magdeburg GER"]
[Date "2010.12.29"]
[Round "6"]
[White "Grötzbach, Julian"]
[Black "Kulok, Solomon"]
[Result "1/2-1/2"]
[Termination "normal"]
[Board "1.1"]
[WhiteElo "1879"]
[BlackElo "1638"]
[WhiteTeam "Hamburger SK von 1830"]
[BlackTeam "Noris-Tarrasch Nürnberg"]
[PlyCount "82"]
[WhiteFideId "24600938"]
[BlackFideId "24652210"]
[EventCountry "GER"]
[EventRounds "7"]
[EventType "team-swiss"]
[EventDate "2010.12.26"]

1. e4 d5 2. exd5 Qxd5 3. Nf3 Nf6 4. d4 c6 5. Be2 Bf5 6. O-O e6 7. c4 Qd6 8. Nc3
Be7 9. Be3 O-O 10. Qd2 Bg6 11. a3 Qc7 12. b4 Rd8 13. c5 Nd5 14. Nxd5 exd5 15.
Rfe1 Re8 16. Bf4 Qd8 17. Ne5 Nd7 18. Nxg6 hxg6 19. b5 Nf6 20. bxc6 bxc6 21. Ba6
Ne4 22. Qd3 g5 23. Be3 g4 24. Bb7 Rb8 25. Bxc6 Rf8 26. Rab1 Rxb1 27. Rxb1 Bg5
28. Bxg5 Qxg5 29. Qe3 Qf5 30. Rb7 a5 31. g3 Ng5 32. Bd7 Nf3+ 33. Kg2 Qh5 34.
Bxg4 Qxg4 35. Qxf3 Qxd4 36. c6 Qc4 37. Rd7 Qxc6 38. Qxd5 Qa4 39. Ra7 Qxa3 40.
Rxa5 Qe7 41. Ra8 Rxa8 1/2-1/2